书目信息 |
| 题名: |
线性代数大讲堂
|
|
| 作者: | 彭勇行 , 李政兴 编著 | |
| 分册: | 单项选择题专项突破 | |
| 出版信息: | 大连 大连理工大学出版社 2005.08 |
|
| 页数: | 254页 | |
| 开本: | 21cm | |
| 丛书名: | ||
| 单 册: | ||
| 中图分类: | O151.2 | |
| 科图分类: | ||
| 主题词: | 线性代数--xian xing dai shu--研究生--入学考试--自学参考资料 | |
| 电子资源: | ||
| ISBN: | 7-5611-2973-4 | |
| 000 | 00980nam0 2200241 450 | |
| 001 | 012006769239 | |
| 005 | 20060919101152.57 | |
| 010 | @a7-5611-2973-4@dCNY12.80 | |
| 100 | @a20060617d2005 km y0chiy0120 ea | |
| 101 | 0 | @achi |
| 102 | @aCN@b210000 | |
| 105 | @ay z 000yy | |
| 200 | 1 | @a线性代数大讲堂@Axian xing dai shu da jiang tang@i单项选择题专项突破@f彭勇行, 李政兴编著@Fpeng yong xing,li zheng xing bian zhu |
| 210 | @a大连@c大连理工大学出版社@d2005.08 | |
| 215 | @a254页@d21cm | |
| 330 | @a本书按考试大纲总结了有关概念、性质、公式和基本方法,编选了历年硕士研究生入学统一考试数学线性代数部分的选择题,并根据近年考研试题变化趋势,精选了适量习题。 | |
| 517 | 1 | @a单项选择题专项突破@Adan xiang xuan ze ti zhuan xiang tu po |
| 606 | 0 | @a线性代数@Axian xing dai shu@x研究生@x入学考试@j自学参考资料 |
| 690 | @aO151.2@v4 | |
| 701 | 0 | @a彭勇行@Apeng yong xing@4编著 |
| 701 | 0 | @a李政兴@Ali zheng xing@4编著 |
| 801 | 0 | @aCN@bQSSK@c20060919 |
| 905 | @a10447@dO151.2@eP587 | |
| 线性代数大讲堂.单项选择题专项突破/彭勇行, 李政兴编著.-大连:大连理工大学出版社,2005.08 |
| 254页;21cm |
| ISBN 7-5611-2973-4:CNY12.80 |
| 本书按考试大纲总结了有关概念、性质、公式和基本方法,编选了历年硕士研究生入学统一考试数学线性代数部分的选择题,并根据近年考研试题变化趋势,精选了适量习题。 |
| ● |
| 相关链接 |
|
|
|
正题名:线性代数大讲堂
索取号:O151.2/P587
 
预约/预借
| 序号 | 登录号 | 条形码 | 馆藏地/架位号 | 状态 | 备注 |
| 1 | 588553 | 205885531 | 自科库401/401自科库 41排5列4层/ [索取号:O151.2/P587] | 在馆 | |
| 2 | 588554 | 205885540 | 自科库401/401自科库 41排5列4层/ [索取号:O151.2/P587] | 在馆 | |
| 3 | 588555 | 205885559 | 自科库401/401自科库 41排5列4层/ [索取号:O151.2/P587] | 在馆 |